Normal view
MARC view
- Managerial economics
Entry Topical Term
001 - CONTROL NUMBER
- control field: 3574
003 - CONTROL NUMBER IDENTIFIER
- control field: OSt
005 - DATE AND TIME OF LATEST TRANSACTION
- control field: 20170511145250.0
008 - FIXED-LENGTH DATA ELEMENTS
- fixed length control field: 170511|| aca||aabn | a|a d
040 ## - CATALOGING SOURCE
- Original cataloging agency: OSt
- Transcribing agency: OSt
150 ## - HEADING--TOPICAL TERM
- Topical term or geographic name entry element: Managerial economics
670 ## - SOURCE DATA FOUND
- Source citation: Work cat.: (OSt)0: Neale, Alan 3573, Economics in a business context /, 1994

PORTAL AKMAL
E-MEL JKDM
AKMAL2U
G-BAM
u-PUSTAKA